| 000 | 00378cam a2200169ua 4500 | ||
|---|---|---|---|
| 001 | 9553 | ||
| 008 | 120404n1998 II |||gr||||Z||||||eng | ||
| 040 | _aMAIN | ||
| 041 | _aEnglish | ||
| 082 | _a330 SAR | ||
| 100 | _aSARKHEL, JAYDEB. | ||
| 245 | _aHIGHER SECONDARY ECONOMICS | ||
| 260 |
_aKOLKATA _bBOOK SYNDICATE _c1998 |
||
| 300 | _a367. | ||
| 653 | _aEconomics | ||
| 942 | _cBK | ||
| 999 |
_c9529 _d9529 |
||